| 000 | 00465nam a2200181Ia 4500 | ||
|---|---|---|---|
| 008 | 220216s9999 xx 000 0 und d | ||
| 100 | _aReghu C P | ||
| 245 | 0 | _aLong-term yield and growth performance of IRCA rubber clones in India. | |
| 260 |
_bRubber Science _c2014 |
||
| 300 | _a38-44 | ||
| 650 | _aDry rubber yield | ||
| 650 | _aGirth | ||
| 650 | _aPlugging index | ||
| 650 | _aTimber yield | ||
| 700 | _aMadhavan J | ||
| 700 | _aRao G P | ||
| 942 | _cBS | ||
| 999 |
_c51757 _d51757 |
||